| 000 | 00644nam a2200169 4500 | ||
|---|---|---|---|
| 001 | 126783 | ||
| 003 | ES-MaACL | ||
| 005 | 20230906192859.0 | ||
| 007 | t| | ||
| 008 | 070214s1969 sp r ||||1| spa d | ||
| 100 | 1 |
_aRevuelta García, Bernardo. _996462 |
|
| 245 | 1 | 0 |
_aLiquidación e inspección de los tributos _b: conferencia del 16 de diciembre de 1968 / _cBernardo Revuelta García. |
| 260 |
_aMadrid : _bMutualidad del Cuerpo de Inspectores Diplomados de los Tributos, _c1969. |
||
| 300 |
_a34 p. ; _c22 cm. |
||
| 710 | 2 |
_aMutualidad del Cuerpo de Inspectores Diplomados de los Tributos. _95952 |
|
| 852 |
_aES-MaACL _j2070-F-16 _bR.72136 |
||
| 999 |
_c126783 _d126783 |
||